Регионална библиотека "Любен Каравелов" - Русе

Дванадесет дуета (Запис номер 322078)

MARC детайли
000 -Лидер
Контролно поле с фиксирана дължина 01007ncm a2200301 c 4500
003 - Код на организацията, давaща контролен номер
Контролно поле BLK
005 - Дата и час на последна редакция
Контролно поле 20241005005456.0
008 - Елементи от данни с фиксирана дължина
fixed length control field 180414b bul |a|er|||| |0| c|bulo|
010 ## - Наследен системен номер
LC control number NOT00004115000
040 ## - Източник на каталожния запис
Идентификатор на билиотеката - собственик на записа BLK
041 ## - Код за език
Код за езика на текст/звукозапис или на отделно заглавие Български
Код за езика КДБФ Български
080 ## - УДК
Текстов определител УДК Дуо за две цигулки
УДК код - определител по УДК 785.72:787.1
УДК определител
УДК - код + определител 785.72:787.1
100 ## - Редна дума - Автор
Автор Моцарт, Волфганг Амадеус
Дати, свързани с автора 1756 - 1791
R(LIN) 368558
139 ## - Редно поле
Редна дума Моцарт, Волфганг Амадеус
Авторски знак Мот - М 93
245 10 - Сведения за заглавието
Заглавие Дванадесет дуета
Подзаглавни данни За цигулка
Редно поле (дума) Волфганг Амадеус Моцарт.
257 ## - Страна на издаване
Страна на създаване/издаване Австрия
260 ## - Област на издателските данни
-- София
Име на издателя, разпространителя и проч. Наука и изкуство
Година на издаване 1968
300 ## - Физическа характеристика
Страници 12 с.
Размери/Мащаб 31 см
380 ## - Жанр
Жанр Изкуство
650 #4 - Допълнително описание по предмет – тема
Основно описание – тема или топоним Цигулки
9 (RLIN) 177310
653 ## - Ключова дума – ненормативна
Ключова дума две цигулки
852 ## - Местоположение
Форматна сигнатура Цб М ІІ 4461
Част 0
856 4# - Електронен адрес и достъп
Електронен формат pdf - файл
Път до файла /url/
856 4# - Електронен адрес и достъп
Електронен формат pdf - файл
Път до файла /url/
942 ## - АРТИКУЛИ
Вид на библиотечния материал Нотни издания
Скрит в OPAC Не
944 ## - СЪЗДАВАНЕ И РЕДАКЦИЯ на ЗАПИСА
Създаване/Редакция Създаване
Дата на регистрацията/редакция 09.10.2017
Служител, извършил регистрацията/редакцията
Статус, дата на статуса CRON CRON
944 ## - СЪЗДАВАНЕ И РЕДАКЦИЯ на ЗАПИСА
Създаване/Редакция Редакция
Дата на регистрацията/редакция 09.10.2017
Служител, извършил регистрацията/редакцията Ирена_Линкова
999 ## - СИСТЕМНИ КОНТРОЛНИ НОМЕРА
Koha biblionumber 322078
Koha biblioitemnumber 322078
Наличности
Код за отписване Код за изгубен артикул Източник на класификационната схема Код за повреда Коз за рестрикции Код за отдаване Артикулен № Име на библиотеката - собственик Име на библиотеката, в която се намира в момента Статус (Текущо местоположение) Дата на вписване в системата Местоположение - отдел Цена в лева Инвентарен номер Систематично азбучна сигнатура Баркод Номер на екземпляра Цена в евро Служебна бележка Служебен тип на артикула
  Не е изгубен Universal Decimal Classification Не е повреден без рестрикции заемане за дома 675767 Регионална библиотека "Любен Каравелов" Русе Регионална библиотека "Любен Каравелов" Русе Отдел Изкуство - подръчен фонд 1968-01-01 Отдел Изкуство - подръчен фонд 0.70 9768/68 787.1/М 93 В 900000001638 1 0.36 Дост: Pk Вид: Ф N: сф Дата: 01.01.1968 Бележки инв: Ирена_Линк Съставил: Ирена_Линкова Нотни издания
Изтеглен Не е изгубен Universal Decimal Classification Не е повреден без рестрикции заемане за дома 675768 Регионална библиотека "Любен Каравелов" Русе Регионална библиотека "Любен Каравелов" Русе Отдел Изкуство - подръчен фонд 1968-01-01 Отдел Изкуство - подръчен фонд 0.70 9769/68 МП ІІ 4461 9769/68 2 0.36 Дост: Pk Вид: Ф N: сф Дата: 01.01.1968 Бележки инв: Ирена_Линк Съставил: Ирена_Линкова Нотни издания
  Не е изгубен Universal Decimal Classification Не е повреден без рестрикции заемане за дома 675769 Регионална библиотека "Любен Каравелов" Русе Регионална библиотека "Любен Каравелов" Русе Отдел Изкуство - подръчен фонд 1968-01-01 Отдел Изкуство - подръчен фонд 0.70 9770/68 787.1/М 93 В 900000001639 3 0.36 Дост: Pk Вид: Ф N: сф Дата: 01.01.1968 Бележки инв: Ирена_Линк Съставил: Ирена_Линкова Нотни издания
Изтеглен Не е изгубен Universal Decimal Classification Не е повреден без рестрикции заемане за дома 675770 Регионална библиотека "Любен Каравелов" Русе Регионална библиотека "Любен Каравелов" Русе Отдел Изкуство - подръчен фонд 1968-01-01 Отдел Изкуство - подръчен фонд 0.70 9771/68 МП ІІ 4461 9771/68 4 0.36 Дост: Pk Вид: Ф N: сф Дата: 01.01.1968 Бележки инв: Ирена_Линк Съставил: Ирена_Линкова Нотни издания
  Не е изгубен Universal Decimal Classification Не е повреден без рестрикции заемане за дома 675771 Регионална библиотека "Любен Каравелов" Русе Регионална библиотека "Любен Каравелов" Русе Отдел Изкуство - подръчен фонд 1968-01-01 Отдел Изкуство - подръчен фонд 0.70 9772/68 787.1/М 93 В 900000001637 5 0.36 Дост: Pk Вид: Ф N: сф Дата: 01.01.1968 Бележки инв: Ирена_Линк Съставил: Ирена_Линкова Нотни издания
  Не е изгубен Universal Decimal Classification Не е повреден само за читалня ползва се в читалня 675772 Регионална библиотека "Любен Каравелов" Русе Регионална библиотека "Любен Каравелов" Русе Хранилище 1968-01-01 Хранилище 0.70 5777/68 Цб М ІІ 4461 900000021255 6 0.36 Дост: Dp Вид: Д N: сф Дата: 01.01.1968 Бележки инв: Ирена_Линк Съставил: Ирена_Линкова Нотни издания
Vip Innovations Ltd, Rousse, Bulgaria 2025